000
00343nam a2200145Ia 4500
008
150201s2006 xx 000 0 und d
082
_a
615.321
_b
P06G
100
_a
GROVER , J.K.
245
_a
TB. OF PHARMACOLOGY FOR NURSES
250
_a
2ND
260
_b
CBS
_a
DELHI
_c
2006
300
_a
516
650
_a
PHARMACOLOGY
942
_2
ddc
_c
BK
_0
24
999
_c
1879
_d
1879